|
|
|
|
| LEADER |
00000nam0a2200000 4500 |
| 001 |
319523 |
| 005 |
20231102003205.0 |
| 035 |
|
|
|a (RuTPU)RU\TPU\book\345032
|
| 090 |
|
|
|a 319523
|
| 100 |
|
|
|a 20160602d1952 k y0rusy50 ca
|
| 101 |
0 |
|
|a rus
|
| 102 |
|
|
|a RU
|
| 105 |
|
|
|a a z 001zy
|
| 200 |
1 |
|
|a Радиолокационные приемники. Расчет и проектирование
|f А. П. Сиверс
|
| 210 |
|
|
|a Москва
|c Советское радио
|d 1952
|
| 215 |
|
|
|a 392 с.
|c ил.
|
| 320 |
|
|
|a Библиогр.: с. 387
|
| 606 |
1 |
|
|a Радиолокационные приемники
|x Проектирование
|2 stltpush
|3 (RuTPU)RU\TPU\subj\22770
|9 47469
|
| 606 |
1 |
|
|a Радиолокационные приемники
|x Расчет
|2 stltpush
|3 (RuTPU)RU\TPU\subj\22769
|9 47468
|
| 610 |
1 |
|
|a скелетные схемы
|
| 610 |
1 |
|
|a детекторы
|
| 610 |
1 |
|
|a сантиметровые волны
|
| 610 |
1 |
|
|a метровые волны
|
| 610 |
1 |
|
|a дециметровые волны
|
| 610 |
1 |
|
|a частота
|
| 610 |
1 |
|
|a преобразователи
|
| 610 |
1 |
|
|a смесители
|
| 610 |
1 |
|
|a усилители
|
| 610 |
1 |
|
|a промежуточная частота
|
| 610 |
1 |
|
|a видеосигналы
|
| 610 |
1 |
|
|a блоки
|
| 610 |
1 |
|
|a помехи
|
| 675 |
|
|
|a 621.396.967
|v 4
|
| 700 |
|
1 |
|a Сиверс
|b А. П.
|g Аркадий Петрович
|
| 801 |
|
1 |
|a RU
|b 63413507
|c 20160602
|
| 801 |
|
2 |
|a RU
|b 63413507
|c 20190213
|g RCR
|
| 942 |
|
|
|c BK
|